| 000 | 00482nam a22001817a 4500 | ||
|---|---|---|---|
| 003 | OSt | ||
| 005 | 20160511153634.0 | ||
| 008 | 160511b xxu||||| |||| 00| 0 eng d | ||
| 010 | _a987560 | ||
| 020 | _a0321000374 | ||
| 040 | _cn/a | ||
| 050 |
_aQM23.2 _b .T87 1998 |
||
| 100 | _aTortora,Gerard J | ||
| 245 | _aPrinciples of human anatomy | ||
| 260 |
_aMenlo Park, Calif. _bBenjamin Cummings Pub. _c c1999. |
||
| 300 |
_axxviii, 916 p. _bcol. ill. _c 29 cm. |
||
| 942 |
_2lcc _cBK |
||
| 999 |
_c253544 _d253543 |
||